[Event "JBLN West 1819"]
[Site "Germany"]
[Date "2018.11.04"]
[Round "2.1"]
[White "Popist, Florian"]
[Black "Silber, Kevin"]
[Result "0-1"]
[WhiteElo "2005"]
[BlackElo "2133"]
[PlyCount "78"]
[EventDate "2018.09.23"]
[EventType "team-tourn"]
[EventRounds "9"]
[EventCountry "GER"]
[SourceTitle "EXT 2020"]
[Source "ChessBase"]
[SourceDate "2019.10.17"]
[SourceVersion "1"]
[SourceVersionDate "2019.10.17"]
[SourceQuality "1"]
[WhiteTeam "Weisse Dame U20"]
[BlackTeam "Delmenhorst U20"]
[WhiteTeamCountry "GER"]
[BlackTeamCountry "GER"]

1. e4 b6 2. d4 Bb7 3. Nc3 e6 4. Nf3 Be7 5. e5 d6 6. Bd3 Nd7 7. 0-0 h5 8. Re1 d5 9. Ne2 Nh6 10. Ng3 h4 11. Ne2 g5 12. h3 Nf5 13. Bxf5 exf5 14. Qd3 Bc8 15. Qxf5 Nf8 16. Qd3 Bd7 17. Nh2 c6 18. Rf1 Qc8 19. f4 g4 20. f5 gxh3 21. gxh3 Rh5 22. e6 fxe6 23. f6 Bd6 24. Ng4 Kd8 25. Bh6 Kc7 26. Nf4 Rf5 27. Bxf8 Bxf8 28. Ng6 Bd6 29. N4e5 Qd8 30. Rxf5 exf5 31. Nxh4 Qxf6 32. Nhf3 Rg8+ 33. Kf2 Bxe5 34. dxe5 Qh6 35. Qa3 Kb7 36. Rh1 Qf4 37. e6 Qg3+ 38. Ke3 d4+ 39. Kxd4 Qf4+ 0-1

[Event "Youth District Germany"]
[Site "Wuerzburg"]
[Date "2018.10.07"]
[Round "7.1"]
[White "Silber, Kevin"]
[Black "Wendler, David"]
[Result "0-1"]
[WhiteElo "2205"]
[BlackElo "2156"]
[PlyCount "84"]
[EventDate "2018.10.02"]
[EventType "team-swiss"]
[EventRounds "7"]
[EventCountry "GER"]
[SourceTitle "CBM 186 Extra"]
[Source "ChessBase"]
[SourceDate "2018.08.24"]
[SourceVersion "1"]
[SourceVersionDate "2018.08.24"]
[SourceQuality "1"]
[WhiteTeam "Niedersachsen/SG Bremen U20"]
[BlackTeam "Wuerttemberg U20 II"]
[WhiteTeamCountry "GER"]
[BlackTeamCountry "GER"]

1. c4 g6 2. Nf3 Bg7 3. g3 c5 4. Bg2 Nc6 5. Nc3 e5 6. 0-0 Nge7 7. e4 0-0 8. d3 f5 9. Nd5 d6 10. Bd2 Rb8 11. a4 f4 12. Qc1 g5 13. Nxg5 Nxd5 14. exd5 Nd4 15. Qd1 Qxg5 16. Be4 Bf5 17. Kh1 Bxe4+ 18. dxe4 Qg6 19. gxf4 exf4 20. f3 Qh5 21. Rf2 Rf6 22. b4 b6 23. a5 b5 24. bxc5 dxc5 25. Rb1 b4 26. Bxb4 Rxb4 27. Rxb4 cxb4 28. Qxd4 Rf7 29. Qd3 Qe5 30. c5 Qd4 31. Qxd4 Bxd4 32. Rg2+ Rg7 33. c6 Rxg2 34. Kxg2 Be5 35. Kh3 b3 36. Kg4 b2 37. Kf5 Bc7 38. e5 b1Q+ 39. Kxf4 Qc1+ 40. Kf5 Qh6 41. Ke4 Qg6+ 42. Kf4 Qf6+ 0-1

[Event "GER-ch U25-A"]
[Site "Willingen"]
[Date "2018.05.23"]
[Round "6"]
[White "Silber, Kevin"]
[Black "Gallasch, Jonas"]
[Result "1-0"]
[WhiteElo "2150"]
[BlackElo "1956"]
[PlyCount "81"]
[EventDate "2018.05.19"]
[EventType "swiss"]
[EventRounds "9"]
[EventCountry "GER"]
[SourceTitle "CBM 184 Extra"]
[Source "ChessBase"]
[SourceDate "2018.06.28"]
[SourceVersion "1"]
[SourceVersionDate "2018.06.28"]
[SourceQuality "1"]

1. e4 c6 2. Nc3 d5 3. Nf3 Nf6 4. e5 Ne4 5. d3 Nxc3 6. bxc3 e6 7. d4 c5 8. Be2 Nc6 9. 0-0 Be7 10. a4 0-0 11. Ba3 c4 12. Qd2 Bxa3 13. Rxa3 Qe7 14. Raa1 Bd7 15. Rfb1 Rfb8 16. g3 Qe8 17. Nh4 b6 18. Ra2 Ne7 19. Rba1 a6 20. f4 b5 21. axb5 axb5 22. Qc1 Ra4 23. Rxa4 bxa4 24. Qa3 Qd8 25. Ng2 Nc8 26. Ne3 Qc7 27. f5 Qd8 28. h4 Na7 29. Bg4 Nb5 30. Qxa4 Nxd4 31. Qa5 Nc6 32. Qxd8+ Rxd8 33. fxe6 Bxe6 34. Bxe6 fxe6 35. Ra6 Rc8 36. Ng4 h5 37. Nh2 Kf7 38. Nf3 Kg6 39. Rb6 Kf5 40. Rxc6 Re8 41. Kg2 1-0

[Event "GER-ch U25-A"]
[Site "Willingen"]
[Date "2018.05.21"]
[Round "3"]
[White "Garbuz, Vitaliy"]
[Black "Silber, Kevin"]
[Result "1-0"]
[WhiteElo "2039"]
[BlackElo "2150"]
[PlyCount "100"]
[EventDate "2018.05.19"]
[EventType "swiss"]
[EventRounds "9"]
[EventCountry "GER"]
[SourceTitle "CBM 184 Extra"]
[Source "ChessBase"]
[SourceDate "2018.06.28"]
[SourceVersion "1"]
[SourceVersionDate "2018.06.28"]
[SourceQuality "1"]

1. e4 Nf6 2. e5 Nd5 3. d4 d6 4. Bc4 Nb6 5. Bb3 dxe5 6. Qh5 e6 7. dxe5 Nc6 8. Nf3 Nd4 9. Nxd4 Qxd4 10. Nd2 Nd7 11. Bxe6 g6 12. Bxd7+ Bxd7 13. Qe2 Bg7 14. 0-0 0-0 15. Nf3 Qg4 16. Re1 Rfe8 17. h3 Qh5 18. Bf4 c5 19. Ng5 Qxe2 20. Rxe2 f6 21. Nf3 Bc6 22. Rae1 f5 23. Rd2 Rad8 24. Red1 Rxd2 25. Rxd2 h6 26. h4 Kf7 27. c3 Re7 28. Kf1 Bxf3 29. gxf3 Bxe5 30. Bxh6 Bf6 31. Bg5 Bxg5 32. hxg5 f4 33. Kg2 Ke6 34. Kh3 Kf5 35. Rd5+ Re5 36. c4 Ke6 37. Kg4 Rxd5 38. cxd5+ Kxd5 39. Kxf4 Kd4 40. a4 b6 41. Kg4 Ke5 42. f4+ Ke6 43. f5+ gxf5+ 44. Kh5 Kf7 45. Kh6 Kg8 46. f4 c4 47. Kg6 a5 48. Kxf5 Kg7 49. Ke4 b5 50. axb5 a4 1-0

[Event "GER-ch U25-A"]
[Site "Willingen"]
[Date "2018.05.20"]
[Round "2"]
[White "Silber, Kevin"]
[Black "Lohr, Maximilian"]
[Result "1-0"]
[WhiteElo "2150"]
[BlackElo "1901"]
[PlyCount "55"]
[EventDate "2018.05.19"]
[EventType "swiss"]
[EventRounds "9"]
[EventCountry "GER"]
[SourceTitle "CBM 184 Extra"]
[Source "ChessBase"]
[SourceDate "2018.06.28"]
[SourceVersion "1"]
[SourceVersionDate "2018.06.28"]
[SourceQuality "1"]

1. Nf3 d5 2. b3 Nc6 3. Bb2 f6 4. e3 e5 5. Bb5 Bg4 6. h3 Bh5 7. g4 Bf7 8. d4 e4 9. Nfd2 h5 10. c4 hxg4 11. Qxg4 Nh6 12. Qg2 f5 13. Nc3 Qd6 14. cxd5 Bxd5 15. Nxd5 Qxd5 16. Qg6+ Nf7 17. Bc4 Qd7 18. Be6 Qe7 19. Ba3 Qf6 20. Qxf6 gxf6 21. Bxf8 Kxf8 22. Bxf5 Nd6 23. Bxe4 Nb4 24. Bb1 Kf7 25. a3 Nd5 26. Bd3 Rae8 27. 0-0-0 f5 28. Nc4 1-0

[Event "Bremen-ch op"]
[Site "Bremen"]
[Date "2018.03.29"]
[Round "7"]
[White "Silber, Kevin"]
[Black "Hoeffer, David"]
[Result "0-1"]
[WhiteElo "2274"]
[BlackElo "2264"]
[PlyCount "74"]
[EventDate "2018.03.24"]
[EventType "swiss"]
[EventRounds "9"]
[EventCountry "GER"]
[SourceTitle "EXT 2019"]
[Source "ChessBase"]
[SourceDate "2018.10.10"]
[SourceVersion "1"]
[SourceVersionDate "2018.10.10"]
[SourceQuality "1"]

1. e4 e5 2. Nf3 d6 3. d4 exd4 4. Nxd4 Nf6 5. Nc3 Be7 6. Bf4 0-0 7. Qd2 c6 8. 0-0-0 b5 9. f3 b4 10. Na4 Qa5 11. b3 c5 12. Nb5 Bd7 13. Nxd6 Bxa4 14. Nf5 Bd8 15. bxa4 Nc6 16. Bb5 Nd4 17. Nxd4 cxd4 18. Bd6 a6 19. Bc6 Rc8 20. Bxf8 Kxf8 21. Bb7 Rc4 22. Qd3 Qc5 23. Bxa6 Rc3 24. Qxd4 Rxc2+ 25. Kb1 Rc1+ 26. Rxc1 Qxd4 27. Rhd1 Qb6 28. Rc8 Qxa6 29. Rcxd8+ Ne8 30. Rb8 Ke7 31. Rdd8 Qf1+ 32. Kb2 Qxg2+ 33. Kb1 Nd6 34. e5 Qf1+ 35. Kc2 Qe2+ 36. Kb3 Qc4+ 37. Kb2 Qc3+ 0-1

[Event "Bremen-ch op"]
[Site "Bremen"]
[Date "2018.03.27"]
[Round "5"]
[White "Silber, Kevin"]
[Black "Margraf, Daniel"]
[Result "0-1"]
[WhiteElo "2274"]
[BlackElo "2200"]
[PlyCount "98"]
[EventDate "2018.03.24"]
[EventType "swiss"]
[EventRounds "9"]
[EventCountry "GER"]
[SourceTitle "EXT 2019"]
[Source "ChessBase"]
[SourceDate "2018.10.10"]
[SourceVersion "1"]
[SourceVersionDate "2018.10.10"]
[SourceQuality "1"]

1. e4 e5 2. Nf3 Nc6 3. Bb5 a6 4. Bxc6 dxc6 5. 0-0 Bg4 6. h3 Bh5 7. g4 Bg6 8. Nxe5 Qh4 9. Qf3 f6 10. Nxg6 hxg6 11. Kg2 0-0-0 12. d3 Bd6 13. Nc3 Ne7 14. Rh1 g5 15. Be3 Kb8 16. Ne2 Ng6 17. Nd4 Qh7 18. Nf5 Be5 19. Rad1 Bxb2 20. d4 Rhe8 21. Rb1 Bxd4 22. Bxd4 Nf4+ 23. Kf1 g6 24. Bxf6 gxf5 25. Bxd8 Rxd8 26. exf5 Rd5 27. Kg1 Rc5 28. Qb3 Rb5 29. Kh2 Rxb3 30. Rxb3 Qe7 31. Re3 Qd6 32. Rf1 Nd5+ 33. Rg3 Qf4 34. Kg1 b5 35. Rd1 Kb7 36. c3 a5 37. Rdd3 Qc1+ 38. Kh2 Nf4 39. Rdf3 Qd2 40. a3 Qd6 41. Re3 c5 42. Kg1 c4 43. h4 gxh4 44. Rgf3 Qd1+ 45. Kh2 Ne2 46. Rxe2 Qxe2 47. Kg2 h3+ 48. Rxh3 Qxg4+ 49. Rg3 Qxf5 0-1

[Event "Oberliga Nord W 1718"]
[Site "Germany"]
[Date "2018.01.21"]
[Round "5.7"]
[White "Silber, Kevin"]
[Black "Hoellmann, Ludger"]
[Result "1-0"]
[WhiteElo "1992"]
[BlackElo "2151"]
[PlyCount "95"]
[EventDate "2017.10.08"]
[EventType "team-tourn"]
[EventRounds "9"]
[EventCountry "GER"]
[SourceTitle "EXT 2019"]
[Source "ChessBase"]
[SourceDate "2018.10.10"]
[SourceVersion "1"]
[SourceVersionDate "2018.10.10"]
[SourceQuality "1"]
[WhiteTeam "Delmenhorst"]
[BlackTeam "Nordhorn Blanke"]
[WhiteTeamCountry "GER"]
[BlackTeamCountry "GER"]

1. e4 e5 2. Nf3 Nc6 3. Bb5 a6 4. Bxc6 dxc6 5. 0-0 Bg4 6. h3 h5 7. d3 Qf6 8. Be3 Bxf3 9. Qxf3 Qxf3 10. gxf3 Bd6 11. Nc3 Ne7 12. Ne2 c5 13. f4 exf4 14. Nxf4 0-0-0 15. Ne2 g5 16. f4 g4 17. Kg2 Ng6 18. hxg4 hxg4 19. Rh1 f5 20. Rxh8 Rxh8 21. Rh1 Re8 22. e5 Be7 23. Kg3 Kd7 24. d4 b6 25. Rh6 Nh4 26. dxc5 bxc5 27. Nc3 Nf3 28. Nd5 c6 29. Nxe7 Kxe7 30. Bxc5+ Kd7 31. Rd6+ Kc7 32. Rf6 Nd2 33. Bd6+ Kb6 34. Rxf5 Rg8 35. Kg2 Ne4 36. Rf8 Rg6 37. f5 Rg5 38. Be7 Rh5 39. Rb8+ Ka7 40. Rb4 Nd2 41. Bc5+ Ka8 42. Rf4 Nf3 43. Bd6 Rh2+ 44. Kg3 Rxc2 45. Kxg4 Ne1 46. f6 Nd3 47. f7 Rg2+ 48. Kf5 1-0

[Event "Niedersachsen-ch op A"]
[Site "Verden"]
[Date "2018.01.06"]
[Round "5"]
[White "Silber, Kevin"]
[Black "Reuker, Matthias"]
[Result "1/2-1/2"]
[WhiteElo "2033"]
[BlackElo "2048"]
[PlyCount "29"]
[EventDate "2018.01.04"]
[EventType "swiss"]
[EventRounds "7"]
[EventCountry "GER"]
[SourceTitle "EXT 2022"]
[Source "ChessBase"]
[SourceDate "2021.10.06"]
[SourceVersion "1"]
[SourceVersionDate "2021.10.06"]
[SourceQuality "1"]

1. e4 e6 2. d4 d5 3. exd5 exd5 4. Nf3 Nf6 5. Bd3 Bd6 6. 0-0 0-0 7. Bg5 Bg4 8. Nbd2 Nbd7 9. c3 c6 10. Qc2 Qc7 11. Rfe1 Rfe8 12. Bh4 Bh5 13. Bg3 Bxg3 14. hxg3 Bg6 15. Bxg6 1/2-1/2

[Event "Niedersachsen-ch op A"]
[Site "Verden"]
[Date "2018.01.05"]
[Round "4"]
[White "Renner, Kai"]
[Black "Silber, Kevin"]
[Result "1-0"]
[WhiteElo "2137"]
[BlackElo "2033"]
[PlyCount "95"]
[EventDate "2018.01.04"]
[EventType "swiss"]
[EventRounds "7"]
[EventCountry "GER"]
[SourceTitle "EXT 2022"]
[Source "ChessBase"]
[SourceDate "2021.10.06"]
[SourceVersion "1"]
[SourceVersionDate "2021.10.06"]
[SourceQuality "1"]

1. e4 e5 2. Nf3 Nc6 3. Bb5 f5 4. d3 fxe4 5. dxe4 Nf6 6. 0-0 Bc5 7. Qd3 d6 8. Nc3 Bd7 9. a3 Nd4 10. Bc4 Qe7 11. Bg5 Ne6 12. Nd5 Qf8 13. Bxf6 gxf6 14. b4 Bb6 15. a4 Qg7 16. Nh4 Qg5 17. g3 Bd4 18. c3 c6 19. Nf3 Qg7 20. cxd4 cxd5 21. Bxd5 Nf4 22. Qe3 Nxd5 23. exd5 0-0 24. Rfc1 Rac8 25. Rxc8 Rxc8 26. dxe5 fxe5 27. Qxa7 e4 28. Nd4 Qe5 29. Nb3 Qxd5 30. Qe3 Rc4 31. b5 Rb4 32. Nd2 Rd4 33. Nf1 Bh3 34. Qh6 Bxf1 35. Rxf1 Rd1 36. Qf4 Rxf1+ 37. Kxf1 Qd3+ 38. Kg2 d5 39. Qb8+ Kg7 40. Qxb7+ Kf6 41. Qc6+ Ke5 42. Qc7+ Ke6 43. Qb6+ Kf5 44. Qe3 Qd1 45. b6 Qb1 46. a5 Qb5 47. Qh6 Qe2 48. Qf4+ 1-0

[Event "Niedersachsen-ch op A"]
[Site "Verden"]
[Date "2018.01.05"]
[Round "3"]
[White "Silber, Kevin"]
[Black "Meyer, Heinz Dieter"]
[Result "1-0"]
[WhiteElo "2033"]
[BlackElo "2086"]
[PlyCount "45"]
[EventDate "2018.01.04"]
[EventType "swiss"]
[EventRounds "7"]
[EventCountry "GER"]
[SourceTitle "EXT 2022"]
[Source "ChessBase"]
[SourceDate "2021.10.06"]
[SourceVersion "1"]
[SourceVersionDate "2021.10.06"]
[SourceQuality "1"]

1. e4 c5 2. c4 Nc6 3. Ne2 g6 4. d4 cxd4 5. Nxd4 Bg7 6. Be3 Nf6 7. Nc3 0-0 8. Be2 d6 9. 0-0 Bd7 10. Qd2 Nxd4 11. Bxd4 Bc6 12. f3 a5 13. b3 Nd7 14. Rfd1 Nc5 15. Rab1 Qb6 16. Kf1 Qb4 17. Bxg7 Kxg7 18. Qd4+ Kg8 19. Nd5 Bxd5 20. exd5 a4 21. a3 Qxa3 22. b4 Na6 23. Rd3 1-0

[Event "GER-chT U16"]
[Site "Walldorf"]
[Date "2017.12.29"]
[Round "5.1"]
[White "Silber, Kevin"]
[Black "Von Estorff, Jacob"]
[Result "1-0"]
[WhiteElo "2033"]
[BlackElo "1937"]
[PlyCount "65"]
[EventDate "2017.12.26"]
[EventType "team-swiss"]
[EventRounds "7"]
[EventCountry "GER"]
[SourceTitle "CBM 182 Extra"]
[Source "ChessBase"]
[SourceDate "2018.02.23"]
[SourceVersion "1"]
[SourceVersionDate "2018.02.23"]
[SourceQuality "1"]
[WhiteTeam "Delmenhorst"]
[BlackTeam "Uelzen Post"]
[WhiteTeamCountry "GER"]
[BlackTeamCountry "GER"]

1. e4 c5 2. Nf3 Nc6 3. Bb5 g6 4. Bxc6 dxc6 5. d3 Bg7 6. h3 e5 7. a4 a5 8. Be3 b6 9. Na3 Qc7 10. Nc4 Ne7 11. b4 axb4 12. a5 bxa5 13. Bxc5 Qb8 14. Nfd2 Be6 15. 0-0 Bf6 16. Qf3 Bg5 17. Bd6 Qb5 18. Bxe5 0-0 19. Bf6 Bxc4 20. dxc4 Qc5 21. Nb3 Qxc4 22. Bxg5 f6 23. Be3 Qxc2 24. Bh6 Rf7 25. Rxa5 Rxa5 26. Nxa5 g5 27. Qd1 Qxd1 28. Rxd1 Kh8 29. Rd7 c5 30. Rb7 f5 31. Bxg5 Nc6 32. Rxf7 Nxa5 33. Bh6 1-0

[Event "GER-chT U16"]
[Site "Walldorf"]
[Date "2017.12.27"]
[Round "2.1"]
[White "Runte, Moritz"]
[Black "Silber, Kevin"]
[Result "0-1"]
[WhiteElo "1923"]
[BlackElo "2033"]
[PlyCount "42"]
[EventDate "2017.12.26"]
[EventType "team-swiss"]
[EventRounds "7"]
[EventCountry "GER"]
[SourceTitle "CBM 182 Extra"]
[Source "ChessBase"]
[SourceDate "2018.02.23"]
[SourceVersion "1"]
[SourceVersionDate "2018.02.23"]
[SourceQuality "1"]
[WhiteTeam "Hemer"]
[BlackTeam "Delmenhorst"]
[WhiteTeamCountry "GER"]
[BlackTeamCountry "GER"]

1. e4 e5 2. Nf3 Nc6 3. Bc4 Bc5 4. c3 Nf6 5. d4 exd4 6. e5 d5 7. Bb5 Ne4 8. cxd4 Bb6 9. Nc3 0-0 10. Be3 Bg4 11. h3 Bh5 12. Qc2 Nxc3 13. bxc3 f6 14. Qf5 Bxf3 15. gxf3 fxe5 16. Qh5 Qe8 17. Qh4 exd4 18. Bd3 h6 19. Rg1 dxe3 20. Qxh6 exf2+ 21. Kd2 Be3+ 0-1

[Event "GER-chT Lands U20"]
[Site "Hannover"]
[Date "2017.10.03"]
[Round "5.3"]
[White "Hund, Sarah"]
[Black "Silber, Kevin"]
[Result "0-1"]
[WhiteElo "2042"]
[BlackElo "1986"]
[PlyCount "76"]
[EventDate "2017.09.29"]
[EventType "team-swiss"]
[EventRounds "7"]
[EventCountry "GER"]
[SourceTitle "EXT 2018"]
[Source "ChessBase"]
[SourceDate "2017.10.13"]
[SourceVersion "1"]
[SourceVersionDate "2017.10.13"]
[SourceQuality "1"]
[WhiteTeam "Baden U20 II"]
[BlackTeam "Bremen U20"]
[WhiteTeamCountry "GER"]
[BlackTeamCountry "GER"]

1. e4 e5 2. Nf3 Nc6 3. Bc4 Bc5 4. c3 Nf6 5. d3 a6 6. Bb3 Ba7 7. Nbd2 d6 8. h3 h6 9. Nf1 0-0 10. Ng3 Ne7 11. Nh4 c6 12. 0-0 d5 13. Qf3 Nh7 14. Be3 Ng5 15. Qh5 Bxe3 16. fxe3 dxe4 17. dxe4 Qd2 18. Rae1 Qxb2 19. Ngf5 Bxf5 20. exf5 Kh7 21. f6 g6 22. Qg4 Nd5 23. e4 Nf4 24. Nf3 Nxf3+ 25. Qxf3 Rad8 26. Rd1 Qe2 27. Kh2 Qxf3 28. gxf3 Nh5 29. Rxd8 Rxd8 30. Bxf7 Rd2+ 31. Kg1 Nxf6 32. Rb1 b5 33. c4 Kg7 34. Be6 Nh5 35. h4 Nf4 36. Bc8 bxc4 37. Bxa6 c3 38. Rc1 c2 0-1

[Event "Pardubice Czech op-B 28th"]
[Site "Pardubice"]
[Date "2017.07.25"]
[Round "5"]
[White "Zanikov, Konstantin"]
[Black "Silber, Kevin"]
[Result "1-0"]
[WhiteElo "2084"]
[BlackElo "1964"]
[PlyCount "49"]
[EventDate "2017.07.21"]
[EventType "swiss"]
[EventRounds "9"]
[EventCountry "CZE"]
[SourceTitle "CBM 179 Extra"]
[Source "ChessBase"]
[SourceDate "2017.08.23"]
[SourceVersion "1"]
[SourceVersionDate "2017.08.23"]
[SourceQuality "1"]

1. e4 e5 2. Nf3 Nc6 3. d4 exd4 4. Nxd4 Nf6 5. Nxc6 bxc6 6. Bd3 d5 7. e5 Ng4 8. 0-0 Bc5 9. Bf4 0-0 10. h3 Nxe5 11. Bxe5 Qg5 12. Bxc7 Bxh3 13. Qf3 Bg4 14. Qf4 Qe7 15. Qxg4 Qxc7 16. Nd2 Rab8 17. Rab1 Rb4 18. Qh3 f5 19. Nf3 Rf6 20. Rbe1 Rf4 21. Re8+ Kf7 22. Qh5+ Rg6 23. Rfe1 Bxf2+ 24. Kxf2 Qb6+ 25. Kf1 1-0

[Event "Pardubice Czech op-B 28th"]
[Site "Pardubice"]
[Date "2017.07.23"]
[Round "3"]
[White "Silber, Kevin"]
[Black "Zasko, Grigory"]
[Result "1-0"]
[WhiteElo "1964"]
[BlackElo "2084"]
[PlyCount "105"]
[EventDate "2017.07.21"]
[EventType "swiss"]
[EventRounds "9"]
[EventCountry "CZE"]
[SourceTitle "CBM 179 Extra"]
[Source "ChessBase"]
[SourceDate "2017.08.23"]
[SourceVersion "1"]
[SourceVersionDate "2017.08.23"]
[SourceQuality "1"]

1. e4 e5 2. Nf3 Nc6 3. Bb5 a6 4. Bxc6 dxc6 5. 0-0 f6 6. d4 exd4 7. Nxd4 c5 8. Nb3 Qxd1 9. Rxd1 Bg4 10. f3 Be6 11. Bf4 Rd8 12. Nc3 Bd6 13. Bxd6 cxd6 14. Na5 Bc8 15. Nc4 Ke7 16. Nd5+ Ke6 17. Ndb6 Ne7 18. Rd3 Nc6 19. Rad1 Ke7 20. Nxc8+ Rxc8 21. Nxd6 Rc7 22. Nf5+ Ke8 23. Rd5 g6 24. Nd6+ Ke7 25. Rxc5 Rd8 26. Rcd5 b5 27. c4 bxc4 28. Nxc4 Rb8 29. Rc5 Rd7 30. Rxd7+ Kxd7 31. b3 Nb4 32. Ra5 Ke7 33. Ne3 Kd6 34. Nd5 Nxd5 35. Rxd5+ Ke6 36. Rc5 Kd6 37. Ra5 Rb6 38. Kf2 h5 39. h4 Rc6 40. Kg3 Ke6 41. Kf4 Kf7 42. g3 Ke6 43. b4 Kd6 44. a4 Ke7 45. b5 axb5 46. Rxb5 Rc4 47. Rb7+ Ke6 48. Rb6+ Ke7 49. a5 g5+ 50. hxg5 fxg5+ 51. Kxg5 Rc5+ 52. Kh4 Rxa5 53. Rh6 1-0

[Event "Oberliga Nord W 1617"]
[Site "Germany"]
[Date "2017.04.23"]
[Round "8.7"]
[White "Silber, Kevin"]
[Black "Von Estorff, Jacob"]
[Result "1/2-1/2"]
[WhiteElo "2002"]
[BlackElo "1906"]
[PlyCount "107"]
[EventDate "2016.10.16"]
[EventType "team-tourn"]
[EventRounds "9"]
[EventCountry "GER"]
[SourceTitle "EXT 2018"]
[Source "ChessBase"]
[SourceDate "2017.10.13"]
[SourceVersion "1"]
[SourceVersionDate "2017.10.13"]
[SourceQuality "1"]
[WhiteTeam "Delmenhorst"]
[BlackTeam "Uelzen Post"]
[WhiteTeamCountry "GER"]
[BlackTeamCountry "GER"]

1. e4 c5 2. Nf3 Nc6 3. d4 cxd4 4. Nxd4 Nf6 5. Nc3 g6 6. Be3 Bg7 7. Be2 0-0 8. Qd2 d5 9. exd5 Nxd5 10. Nxd5 Nxd4 11. Bxd4 Qxd5 12. Bxg7 Qxd2+ 13. Kxd2 Kxg7 14. c3 Rd8+ 15. Ke3 Be6 16. Bf3 Bd5 17. Rhd1 Bxf3 18. Kxf3 f5 19. Ke3 Kf6 20. f4 e5 21. fxe5+ Kxe5 22. Rd4 Rac8 23. Rad1 Rxd4 24. Rxd4 Rc7 25. g3 Re7 26. Kd3 Re6 27. Ra4 Rd6+ 28. Ke3 a6 29. Rc4 Rc6 30. Rh4 Rc7 31. Rd4 Re7 32. a4 g5 33. Kd3 Re6 34. Rd7 Rd6+ 35. Rxd6 Kxd6 36. Kd4 a5 37. b3 b6 38. h3 Ke6 39. b4 Kd6 40. h4 gxh4 41. gxh4 f4 42. Ke4 f3 43. Kxf3 Kd5 44. bxa5 bxa5 45. Kg4 Kc4 46. Kh5 Kb3 47. Kh6 Kxa4 48. Kxh7 Kb3 49. Kg8 a4 50. h5 a3 51. h6 a2 52. h7 a1Q 53. h8Q Qxc3 54. Qxc3+ 1/2-1/2

[Event "Niedersachsen-ch op-B"]
[Site "Verden"]
[Date "2017.01.08"]
[Round "7"]
[White "Roehrkasten, Reinhard"]
[Black "Silber, Kevin"]
[Result "1-0"]
[WhiteElo "1915"]
[BlackElo "2053"]
[PlyCount "75"]
[EventDate "2017.01.05"]
[EventType "swiss"]
[EventRounds "7"]
[EventCountry "GER"]
[SourceTitle "CBM 187 Extra"]
[Source "ChessBase"]
[SourceDate "2018.11.04"]
[SourceVersion "1"]
[SourceVersionDate "2018.11.04"]
[SourceQuality "1"]

1. d4 d5 2. Nf3 Nf6 3. c4 c6 4. Nc3 dxc4 5. a4 Bf5 6. e3 e6 7. Bxc4 Bb4 8. Qb3 a5 9. 0-0 Qc7 10. Ne2 0-0 11. Ng3 Bg6 12. Bd2 Bd6 13. Rac1 Ne4 14. Rfd1 Na6 15. Be1 Nb4 16. Nh4 Nxg3 17. Nxg6 hxg6 18. hxg3 Qe7 19. e4 e5 20. d5 c5 21. Bd2 f5 22. Re1 Qf6 23. f3 f4 24. gxf4 Qh4 25. Qe3 Rae8 26. Qf2 Qh7 27. g4 exf4 28. Kg2 g5 29. Rh1 Qg6 30. Bc3 Rxe4 31. Bxb4 Rxc4 32. Rxc4 axb4 33. Re4 Qf7 34. Re6 Qd7 35. Qc2 Rf6 36. Qh7+ Kf7 37. Rh6 Rxh6 38. Rxh6 1-0

[Event "Niedersachsen-ch op-B"]
[Site "Verden"]
[Date "2017.01.07"]
[Round "5"]
[White "Colbow, Collin"]
[Black "Silber, Kevin"]
[Result "1-0"]
[WhiteElo "1890"]
[BlackElo "2053"]
[PlyCount "85"]
[EventDate "2017.01.05"]
[EventType "swiss"]
[EventRounds "7"]
[EventCountry "GER"]
[SourceTitle "CBM 187 Extra"]
[Source "ChessBase"]
[SourceDate "2018.11.04"]
[SourceVersion "1"]
[SourceVersionDate "2018.11.04"]
[SourceQuality "1"]

1. e4 e5 2. Nf3 Nc6 3. Bc4 Nf6 4. d3 Bc5 5. 0-0 d6 6. c3 h6 7. Nbd2 a6 8. Bb3 Ba7 9. Re1 0-0 10. h3 Be6 11. Nf1 b5 12. Ng3 Nd7 13. d4 Bxb3 14. axb3 Ne7 15. Rxa6 exd4 16. cxd4 f5 17. Nxf5 Nxf5 18. exf5 Rxf5 19. Qd3 Qf8 20. Qe4 Ne5 21. dxe5 Bxf2+ 22. Kxf2 Rxa6 23. Qb7 Ra8 24. e6 Re8 25. Qxc7 Rc5 26. Qd7 Rd8 27. Qb7 Qf6 28. Kg1 Re8 29. Qd7 Qe7 30. Bf4 Rd5 31. Qc6 Rc5 32. Qe4 d5 33. Qg6 Rf8 34. Be5 Rc6 35. Nd4 Ra6 36. h4 Ra7 37. Nf5 Qc5+ 38. Bd4 Qb4 39. Re2 Rxf5 40. Bxa7 Qf4 41. Bf2 Qc1+ 42. Re1 Qc2 43. Qxf5 1-0

[Event "Niedersachsen-ch op-B"]
[Site "Verden"]
[Date "2017.01.06"]
[Round "3"]
[White "Brosig, Boris"]
[Black "Silber, Kevin"]
[Result "1-0"]
[WhiteElo "2183"]
[BlackElo "2053"]
[PlyCount "43"]
[EventDate "2017.01.05"]
[EventType "swiss"]
[EventRounds "7"]
[EventCountry "GER"]
[SourceTitle "CBM 187 Extra"]
[Source "ChessBase"]
[SourceDate "2018.11.04"]
[SourceVersion "1"]
[SourceVersionDate "2018.11.04"]
[SourceQuality "1"]

1. e4 e5 2. Nf3 Nc6 3. d4 exd4 4. Nxd4 Nf6 5. Nxc6 bxc6 6. Bd3 d5 7. e5 Ng4 8. 0-0 Bc5 9. Bf4 Qh4 10. Bg3 Qg5 11. Nd2 0-0 12. Nf3 Qh5 13. h3 Nh6 14. Nh4 Qg5 15. Kh2 Nf5 16. Bxf5 Bxf5 17. f4 Qd8 18. Nxf5 f6 19. Bh4 Qc8 20. Qg4 g6 21. Nh6+ Kg7 22. Bxf6+ 1-0

[Event "GER-chT U16"]
[Site "Neumarkt in der Oberpfalz"]
[Date "2016.12.28"]
[Round "4.1"]
[White "Silber, Kevin"]
[Black "Faerber, David"]
[Result "1/2-1/2"]
[WhiteElo "1974"]
[BlackElo "2122"]
[PlyCount "61"]
[EventDate "2016.12.27"]
[EventType "team-swiss"]
[EventRounds "7"]
[EventCountry "GER"]
[SourceTitle "EXT 2018"]
[Source "ChessBase"]
[SourceDate "2017.10.13"]
[SourceVersion "1"]
[SourceVersionDate "2017.10.13"]
[SourceQuality "1"]
[WhiteTeam "Delmenhorst"]
[BlackTeam "Walldorf"]
[WhiteTeamCountry "GER"]
[BlackTeamCountry "GER"]

1. e4 c6 2. Nc3 d5 3. Nf3 Nf6 4. e5 Ne4 5. d4 Nxc3 6. bxc3 e6 7. Bd3 c5 8. 0-0 Nc6 9. Be3 c4 10. Be2 Bd7 11. Ng5 h6 12. Nh3 Qa5 13. Bd2 Ba3 14. Rb1 0-0-0 15. Bg4 f5 16. exf6 gxf6 17. Nf4 e5 18. Bxd7+ Rxd7 19. Nh5 Be7 20. Qg4 exd4 21. Rxb7 Ne5 22. Qg7 Kxb7 23. Qxh8 dxc3 24. Rb1+ Kc6 25. Qc8+ Kd6 26. Qb8+ Ke6 27. Bxh6 Qd8 28. Qb5 Kf7 29. Bf4 Qb6 30. Kf1 d4 31. Ke1 1/2-1/2